000 00689nam a2200289Ia 4500
005 20260324130105.0
008 008 260324s9999 xx 000 0 eng d
020 _a9780203890103
037 _aEBOOK
040 _aCRL
040 _beng
040 _cCRL
041 _2eng
041 _aeng
084 _qCRL
100 _aMauricio Suárez
_9822272
245 0 _aFictions in Science
245 0 _bPhilosophical Essays on Modeling and Idealization
260 _bTaylor and Francis
260 _c2008
365 _a
365 _b255
856 _uhttp://www.taylorfrancis.com/books/9780203890103
942 _cEBOOK
999 _c1776319
_d1776319